[Event "AUS-ch U18 Girls"]
[Site "Adelaide"]
[Date "2003.01.23"]
[Round "10"]
[White "Hoving, Marijke"]
[Black "Eldridge Smith, Veronique"]
[Result "1-0"]
[WhiteElo "607"]
[BlackElo "936"]
[PlyCount "69"]
[EventDate "2003.01.??"]
[EventType "swiss"]
[EventRounds "11"]
[EventCountry "AUS"]
[SourceTitle "EXT 2006"]
[Source "ChessBase"]
[SourceDate "2005.11.24"]
[SourceVersion "1"]
[SourceVersionDate "2005.11.24"]
[SourceQuality "1"]

1. e4 e5 2. Nf3 Nc6 3. Bc4 Bc5 4. 0-0 d6 5. d3 h6 6. Nc3 Nf6 7. Nd5 Be6 8. Nxf6+ Qxf6 9. Bxe6 Qxe6 10. Be3 Bb6 11. Re1 Bxe3 12. fxe3 Rd8 13. Nh4 d5 14. Nf5 Qf6 15. Qg4 g6 16. Qh4 Qxh4 17. Nxh4 dxe4 18. dxe4 Nb4 19. Re2 Rd6 20. a3 Ra6 21. Nf3 Nc6 22. Rd1 f6 23. Rd3 Ra4 24. b4 a5 25. b5 Na7 26. Red2 Rf8 27. Rd8+ Kf7 28. R8d7+ Kg8 29. Rxc7 Nxb5 30. Rxb7 Nxa3 31. Rdd7 Rc8 32. Rg7+ Kf8 33. Nh4 Ra8 34. Nxg6+ Ke8 35. Rg8# 1-0

[Event "AUS-ch U18 Girls"]
[Site "Adelaide"]
[Date "2003.01.19"]
[Round "7"]
[White "Hoving, Marijke"]
[Black "Morrissey, Laura"]
[Result "0-1"]
[WhiteElo "607"]
[BlackElo "994"]
[PlyCount "92"]
[EventDate "2003.01.??"]
[EventType "swiss"]
[EventRounds "11"]
[EventCountry "AUS"]
[SourceTitle "EXT 2006"]
[Source "ChessBase"]
[SourceDate "2005.11.24"]
[SourceVersion "1"]
[SourceVersionDate "2005.11.24"]
[SourceQuality "1"]

1. d4 e6 2. Nf3 f5 3. e3 Nf6 4. Bd3 d5 5. c4 c6 6. Nc3 Bb4 7. Bd2 Nbd7 8. a3 Bd6 9. 0-0 Qc7 10. g3 0-0 11. cxd5 cxd5 12. Nb5 Qc6 13. Nxd6 Qxd6 14. Bb4 Qb6 15. Bxf8 Kxf8 16. b4 Qd6 17. Ng5 e5 18. dxe5 Nxe5 19. Be2 h6 20. Nf3 Neg4 21. Qc2 Be6 22. Nd4 Rc8 23. Qa4 a6 24. Bxg4 fxg4 25. Nxe6+ Qxe6 26. Rac1 Re8 27. Rc2 h5 28. Rfc1 h4 29. gxh4 Kf7 30. Rc7+ Kg6 31. Rxb7 Qf5 32. Qc2 Ne4 33. Qc6+ Re6 34. Qc2 Rf6 35. Rf1 Qf3 36. Rd7 Rf5 37. a4 Kh6 38. Qb2 Kh5 39. Rxg7 Kxh4 40. Rh7+ Rh5 41. Rxh5+ Kxh5 42. b5 axb5 43. axb5 Ng5 44. Qh8+ Kg6 45. b6 Nh3+ 46. Qxh3 gxh3 0-1